000 00719nam a2200253Ia 4500
003 OSt
005 20221007074231.0
006 a|||||r|||| 00| 0
007 ta
008 221006b |||||||| |||| 00| 0 eng d
020 _a8171180841
024 _a3,012
037 _cTextual
040 _aFLL
_cFLL
_beng
041 _2eng
_aeng
082 _aZ2,166, N7
100 _aNarayan Sathya Au.
_9686340
245 0 _aLaw of insolvency in india
_b Tagore law lectures, 1929
250 _a4th
260 _aMumbai
_bN. M. Tripathi Private Limited India
_c1997
650 _aLaw of insolvency in india
_9681534
942 _hZ2,166, N7
_cTEXL
_2CC
999 _c1151638
_d1151638